000 00508nam a22001457a 4500
005 20260212092929.0
008 260212b |||||||| |||| 00| 0 eng d
020 _a9781259255342
100 _aCarroll C. Karen, Morse A. Stephen, Mietzner Timothy, Miller Steve
245 _aJawetz, Melnick & Adelberg's Medical Microbiology
_c/Karen, Stephen, Timothy, Steve
250 _a27th Ed
260 _aUnited States of America;
_bMcGraw-Hill Education;
_c2016.
300 _axii,851p, ill:
_c27.5cm
942 _2ddc
_cBK
_n0
999 _c152
_d152